| 000 | 00521nam a2200157 a 4500 | ||
|---|---|---|---|
| 001 | ASINB0007AJKZ4 | ||
| 005 | 20150413045458.0 | ||
| 008 | 150413s1975 xxu eng d | ||
| 020 | _a1125827696 (hardcover) | ||
| 020 | _a9781125827697 (hardcover) | ||
| 100 | 1 | _aHusain, S. Athar. | |
| 245 | 1 | 4 |
_aThe message of quran / _cS. Athar Husain. |
| 260 |
_a[S.l.] : _bU.P. Sunni Central Board of Waqfs, _c1975. |
||
| 300 | _a298 p. | ||
| 856 | 4 | 0 |
_3Amazon.com _uhttp://www.amazon.com/exec/obidos/ASIN/B0007AJKZ4/chopaconline-20 |
| 999 |
_c13021 _d13021 |
||